000 00477nam a2200181 i 4500
001 bg
100 1 _aBanerjee, Prasanta Kumar.
_d(1941- ).
245 0 _aMetody graničnych elementov v prikladnych naukach /
_cP. Benerdżi, R. Batterfild.
260 _aMoskva :
_b"MIR",
_c1984.
700 1 _aBUTTERFIELD, R.
040 _cBPK
041 _apol
080 _a519.6
080 _a539.3/.6
080 _a531/534
942 _cKS
008 s pl f |000 0 pol
999 _c22753
_d22753
856 _uhttp://koha.tu.koszalin.pl/cgi-bin/koha/opac-detail.pl?biblionumber=22753
_yKatalog online BPK